000 00518cam a2200145 4500500
005 20260322010217.0
041 _afre
042 _adc
100 1 0 _aZaouche-Gaudron, Chantal
_eauthor
245 0 0 _aGérard Neyrand et Patricia Rossi, Monoparentalité précaire et femme sujet , Toulouse, érès, 2004,236 p.
260 _c2005.
500 _a2
786 0 _nDialogue | 167 | 1 | 2005-03-01 | p. II-II | 0242-8962
856 4 1 _uhttps://shs.cairn.info/revue-dialogue-2005-1-page-II?lang=fr&redirect-ssocas=7080
999 _c1754817
_d1754817